| 000 | 00731cam a22002413a 4500 | ||
|---|---|---|---|
| 001 | 1211 | ||
| 003 | PGUSA | ||
| 005 | 20140828082958.0 | ||
| 008 | 980201s1998||||xxu|||||s|||||000 p eng d | ||
| 040 |
_aPGUSA _beng |
||
| 042 | _adc | ||
| 050 | 4 | _aPR | |
| 100 | 1 |
_aHerrick, Robert, _d1591-1674 |
|
| 245 | 1 | 2 |
_aA Selection from the Lyrical Poems of Robert Herrick _h[electronic resource] / _cRobert Herrick |
| 260 |
_bProject Gutenberg, _c1998 |
||
| 506 | _aPublic domain in the USA. | ||
| 516 | _aElectronic text | ||
| 653 | _aEnglish poetry -- Early modern, 1500-1700 | ||
| 700 | 1 |
_aPalgrave, Francis Turner, _d1824-1897 |
|
| 830 | 0 |
_aProject Gutenberg _v1211 |
|
| 856 | 4 | 0 | _uhttp://www.gutenberg.org/ebooks/1211 |
| 942 | _cEB | ||
| 999 |
_c230559 _d230559 |
||